Obchodné tajomstvo a jeho ochrana zo strany zamestnávateľa

V dnešnej dobe čoraz viac podnikatelia dbá na ochranu svojich záujmov, kam zaraďujeme napr. obchodné tajomstvo, know-how, rôzne druhy dôverných informácií, ochranu spracúvaných osobných údajov a pod. Ochrana týchto aktív pomáha podnikateľom nielen si zachovávať svoju konkurenčnú výhodu, ale aj zvyšo...

Description complète

Enregistré dans:
Détails bibliographiques
Auteur principal: Mičudová, Tatiana
Format: Chapitre de livre
Langue:slovaque
Sujets:
Tags: Ajouter un tag
Pas de tags, Soyez le premier à ajouter un tag!

MARC

LEADER 00000naa a2200000 4500
001 0307844
005 20250327085923.0
041 0 |a slo 
044 |a SK 
245 1 0 |a Obchodné tajomstvo a jeho ochrana zo strany zamestnávateľa  |c Tatiana Mičudová 
520 |a V dnešnej dobe čoraz viac podnikatelia dbá na ochranu svojich záujmov, kam zaraďujeme napr. obchodné tajomstvo, know-how, rôzne druhy dôverných informácií, ochranu spracúvaných osobných údajov a pod. Ochrana týchto aktív pomáha podnikateľom nielen si zachovávať svoju konkurenčnú výhodu, ale aj zvyšovať pravdepodobnosť dosahovania vyšších ziskov. 
610 2 0 |a tajomstvo obchodné 
610 2 0 |a zisk 
610 2 0 |a firmy 
610 2 0 |a konkurencieschopnosť 
610 2 0 |a know-how 
100 1 |a Mičudová, Tatiana